|
|
|
|
| LEADER |
00000nam0a2200000 4500 |
| 001 |
199858 |
| 005 |
20231101224920.0 |
| 010 |
|
|
|a 9785942755577
|
| 035 |
|
|
|a (RuTPU)RU\TPU\book\217914
|
| 090 |
|
|
|a 199858
|
| 100 |
|
|
|a 20110826d2011 km y0rusy50 ca
|
| 101 |
0 |
|
|a rus
|
| 102 |
|
|
|a RU
|
| 105 |
|
|
|a y g 001zy
|
| 200 |
1 |
|
|a Справочник сварщика
|f О. Г. Быковский, В. Р. Петренко, В. В. Пешков
|
| 210 |
|
|
|a Москва
|c Машиностроение
|d 2011
|
| 215 |
|
|
|a 336 с.
|c ил.
|
| 225 |
1 |
|
|a Для сварщиков всех отраслей промышленности
|
| 320 |
|
|
|a Библиогр.: с. 334-335.
|
| 330 |
|
|
|a Систематизирована информация о свариваемости всех конструкционных сплавов, об электродных материалах и технических возможностях известных способов электрической и газовой сварки, резки, наплавки и напыления сталей и сплавов. Приведены параметры режима этих технологических процессов технические характеристики современного оборудования для ручных и механизированных способов сварки, резки наплавки и напыления при изготовлении металлоконструкций. Для инженеров и специалистов, работающих в области сборочно-сварочного производства, а также студентов, обучающихся по специальности «Оборудование и технология сварочного производства» в учебных заведениях всех уровней аккредитации.
|
| 606 |
1 |
|
|a Сварочное производство
|2 stltpush
|3 (RuTPU)RU\TPU\subj\54028
|9 72190
|
| 610 |
1 |
|
|a сварочное дело
|
| 610 |
1 |
|
|a сварные конструкции
|
| 610 |
1 |
|
|a материалы
|
| 610 |
1 |
|
|a углеродистые стали
|
| 610 |
1 |
|
|a легированные стали
|
| 610 |
1 |
|
|a чугун
|
| 610 |
1 |
|
|a цветные металлы
|
| 610 |
1 |
|
|a маркировка
|
| 610 |
1 |
|
|a свариваемость
|
| 610 |
1 |
|
|a ручная дуговая сварка
|
| 610 |
1 |
|
|a резка
|
| 610 |
1 |
|
|a наплавка
|
| 610 |
1 |
|
|a покрытые электроды
|
| 610 |
1 |
|
|a неплавящиеся электроды
|
| 610 |
1 |
|
|a механизированная сварка
|
| 610 |
1 |
|
|a сварочные проволоки
|
| 610 |
1 |
|
|a порошкообразные материалы
|
| 610 |
1 |
|
|a сварочные флюсы
|
| 610 |
1 |
|
|a защитные газы
|
| 610 |
1 |
|
|a газовые смеси
|
| 610 |
1 |
|
|a сварные соединения
|
| 610 |
1 |
|
|a сварные швы
|
| 610 |
1 |
|
|a стандарты
|
| 610 |
1 |
|
|a сварщики
|
| 610 |
1 |
|
|a аттестация
|
| 610 |
1 |
|
|a электрошлаковая сварка
|
| 610 |
1 |
|
|a технология
|
| 610 |
1 |
|
|a техника
|
| 610 |
1 |
|
|a газовая сварка
|
| 610 |
1 |
|
|a термическая резка
|
| 610 |
1 |
|
|a напыление
|
| 610 |
1 |
|
|a металлизация
|
| 610 |
1 |
|
|a оборудование
|
| 610 |
1 |
|
|a дефекты
|
| 610 |
1 |
|
|a качество
|
| 610 |
1 |
|
|a контроль
|
| 610 |
1 |
|
|a охрана труда
|
| 610 |
1 |
|
|a безопасность
|
| 610 |
1 |
|
|a справочники
|
| 675 |
|
|
|a 621.791(035)
|v 3
|
| 700 |
|
1 |
|a Быковский
|b О. Г.
|g Олег Григорьевич
|
| 701 |
|
1 |
|a Петренко
|b В. Р.
|g Владимир Романович
|
| 701 |
|
1 |
|a Пешков
|b В. В.
|g Владимир Владимирович
|
| 801 |
|
1 |
|a RU
|b 63413507
|c 20110826
|
| 801 |
|
2 |
|a RU
|b 63413507
|c 20200824
|g RCR
|
| 900 |
|
|
|a Технология сварочного производства
|
| 900 |
|
|
|a Сварка давлением и плавлением
|
| 900 |
|
|
|a Сварка специальных сталей и сплавов
|
| 942 |
|
|
|c BK
|
| 959 |
|
|
|a 69/20110826
|d 10
|e 500,00
|f ЧЗТЛ:1
|f АНЛ:1
|f УФ:8
|